|
|
|
|
| LEADER |
01053nmm#a22002895a#4500 |
| 001 |
018966 |
| 003 |
AR-BeUNQ |
| 005 |
20220418122542.0 |
| 008 |
070824s2006####ag#########m########spa#d |
| 999 |
|
|
|c 2952
|d 78339
|
| 020 |
|
|
|a 9508963654
|
| 040 |
|
|
|a AR-beUNQ
|b spa
|e aacr
|
| 082 |
0 |
4 |
|a 318.2
|2 21
|
| 110 |
2 |
|
|a Instituto Nacional de Estadística y Censos (Argentina)
|
| 245 |
1 |
0 |
|a Censo Nacional Agropecuario 2002
|h [recurso electrónico] :
|b resultados generales /
|c Instituto Nacional de Estadísticas y Censos.
|
| 256 |
|
|
|a datos electrónicos
|
| 260 |
|
|
|a Buenos Aires :
|b INDEC,
|c 2006.
|
| 300 |
|
|
|a 1 CD-ROM ;
|c 4 3/4 plg.
|
| 500 |
|
|
|a Título tomado del marbete.
|
| 538 |
|
|
|a Requerimientos del sistema: MS Windows 98 o superior, MS Office 97 o superior; Adobe Acrobat Reader
|
| 650 |
|
7 |
|a Agricultura
|2 Spines
|
| 650 |
|
7 |
|a Estadísticas socioeconómicas
|2 Spines
|
| 650 |
|
7 |
|a Encuestas económicas
|2 Spines
|
| 651 |
|
7 |
|a Argentina
|2 Spines
|
| 653 |
|
|
|a CD-DATA
|
| 929 |
|
|
|a DONACION
|b INDEC
|d 0,00
|e 20060727
|f PAT0020270
|g 466
|j 40628
|
| 942 |
|
|
|c CD
|n 0
|